000 00653nam a2200229Ia 4500
003 OSt
005 20220923220945.0
006 a|||||r|||| 00| 0
007 ta
008 220922b |||||||| |||| 00| 0 hin d
024 _a192,756
037 _cTextual
040 _aARTS
_cARTS
_bhin
041 _2hin
_ahin
082 _aV2:1.J2, 152J6(TV)
100 _aसरन, पी0
_9164875
245 0 _aप्राचीन व मघ्यकालीन भारत
246 _aPrāchīn v maghyakālīn bhārata
260 _c1956
942 _hV2:1.J2, 152J6(TV)
_cTEXL
_2CC
999 _c345291
_d345291